Chỉ huy dàn dựng hát tập thể Giáo trình cao đẳng Sư phạm

Những khái niệm về nghệ thuật hợp xướng, những vấn đề cơ bản của người chỉ huy để có thể tổ chức, tập luyện và biểu diễn hợp xướng với những tác phẩm loại nhỏ, đồng thời một số kiến thức về hoạt động văn nghệ ngoại khoá...

Szczegółowa specyfikacja

Zapisane w:
Opis bibliograficzny
1. autor: Đoàn Phi
Format: Książka
Język:Vietnamese
Wydane: H. Đại học Sư phạm 2007
Hasła przedmiotowe:
Etykiety: Dodaj etykietę
Nie ma etykietki, Dołącz pierwszą etykiete!
Thư viện lưu trữ: Mạng thư viện Đại học Đà Nẵng
LEADER 01695aam a22003978a 4500
001 000019734
003 16173
005 20141103141110.0
008 140820s2007 viesd
020 |c 20000đ  |d 1000b 
041 0 |a vie 
082 1 4 |2 14  |a 784.2  |b ĐO-P 
084 |a W314-7z73  |b CH300H 
100 1 |a Đoàn Phi 
245 1 0 |a Chỉ huy dàn dựng hát tập thể  |b Giáo trình cao đẳng Sư phạm  |c Đoàn Phi 
260 |a H.  |b Đại học Sư phạm  |c 2007 
300 |a 131 tr.  |b hình vẽ, bảng  |c 24 cm. 
500 |a Đầu bìa tên sách ghi: Bộ Giáo dục và Đào tạo. Dự án Đào tạo Giáo viên THCS 
504 |a Thư mục: tr. 131 
520 |a Những khái niệm về nghệ thuật hợp xướng, những vấn đề cơ bản của người chỉ huy để có thể tổ chức, tập luyện và biểu diễn hợp xướng với những tác phẩm loại nhỏ, đồng thời một số kiến thức về hoạt động văn nghệ ngoại khoá 
650 0 4 |2 Bộ TK TVQG  |a Âm nhạc  |x Chỉ huy dàn nhạc 
650 7 |2 Bộ TK TVQG 
650 7 |2 Bộ TK TVQG 
653 |a Hợp xướng 
653 |a Chỉ huy dàn nhạc 
655 7 |2 Bộ TK TVQG  |a Giáo trình 
OWN |a LSP 
AVA |a UDN50  |b LSP  |d 784.2 ĐO-P  |e available  |t Error 5001 Not defined in file expand_doc_bib_avail.  |f 5  |g 0  |h N  |i 0  |k 1 
999 |a From the UDN01 
AVA |a UDN50  |b LSP  |d 784.2 ĐO-P  |e available  |t Error 5001 Not defined in file expand_doc_bib_avail.  |f 5  |g 0  |h N  |i 0  |k 1 
TYP |a Monograph 
TYP |a Printed language 
980 |a Mạng thư viện Đại học Đà Nẵng